Almost Useless Trivia XI Quiz Stats

Quiz Updated Aug 17, 2016

Challenge
Share
Tweet
Embed
Score 0/30 Timer 04:00
42 Plays Today
Trivia Question Answer % Correct
How many days are there in a leap year?366
92.4%
What is the capital city of Japan?Tokyo
92.2%
What is the name of Sherlock Holmes' trusted doctor sidekick?Dr. John Watson
92.2%
Arachnophobia is the fear of what?spiders
91.8%
What US state and river is made entirely out of the letters in the word 'IMPS'?Mississippi
87.5%
What is the expanded form of the contraction WON'T?will not
81.9%
What famous title TV tank engine came from Wilbert Awdry's Railway series?Thomas
80.8%
If you were to buy a 64 GB iPhone, what would the GB stand for?gigabyte
79.2%
Which of Santa's reindeer shares its name with a Roman god of love?Cupid
75.1%
Which country would you be in if you were standing in the ruins of Pompeii?Italy
75.1%
What band, featuring Don Henley and Glenn Frey, had a hit with 'Hotel California'?Eagles
74.8%
What woman's name appears in the titles of movies along with Reilly and Poppins?Mary
73.3%
What is any one of the three countries to have won the Rugby World Cup at least twice?Australia, S. Africa, New Zealand
70.5%
What was the name of the teenage witch played by Melissa Joan Hart?Sabrina
68.5%
What ancient calculating tool involves beads or stones that move along rods or tracks?abacus
67.3%
Trivia Question Answer % Correct
What is the English translation of all these numbers: vierzehn, quatorze, fjorton? fourteen
66.9%
Which US city is the original 'The Hangover' set in?Las Vegas
66.1%
What blue gem is the birthstone for the month of September?sapphire
64.4%
What breed of dog is Snoopy?beagle
60.7%
Which Shakespearean title King had three daughters named Regan, Goneril and Cordelia?King Lear
60.3%
What Latin term, meaning 'stiffness of death', refers to muscle rigidity after death?rigor mortis
60.1%
Which spring zodiac sign is a stylized ram?Aries
59%
Which of Snow White's seven dwarfs comes last alphabetically?Sneezy
58.2%
What woman has been the Chancellor of Germany since 2005?Angela Merkel
57.7%
What composer, whose name anagrams to 'drive', is famous for 'Aida' and 'Rigoletto'?Giuseppe Verdi
45.4%
Which sea can be found between Great Britain, Scandinavia, France and Germany?North Sea
42%
What chemical element has the symbol W?tungsten
38.1%
Who wrote 'The Hunger Games' trilogy?Suzanne Collins
34.5%
What pasta is a homophone of the human chef in the movie 'Ratatouille'?linguine
32.7%
From the fur of what type of animal is mohair made?angora goat
28.1%

You're not logged in!

Compare scores with friends on all Sporcle quizzes.
Sign Up with Email
OR
Log In

You Might Also Like...

Show Comments

Extras

Top Quizzes Today


Score Distribution

Your Account Isn't Verified!

In order to create a playlist on Sporcle, you need to verify the email address you used during registration. Go to your Sporcle Settings to finish the process.